AVENGERS : (Record no. 177202)
[ view plain ]
| 000 -LEADER | |
|---|---|
| fixed length control field | 01600nam a22003851ib4500 |
| 005 - DATE AND TIME OF LATEST TRANSACTION | |
| control field | 20200517130308.0 |
| 008 - FIXED-LENGTH DATA ELEMENTS--GENERAL INFORMATION | |
| fixed length control field | 200517t20142015nyua j 6 000 1 eng d |
| 020 ## - INTERNATIONAL STANDARD BOOK NUMBER | |
| International Standard Book Number | 9780785193722 |
| Terms of availability | RM 58.17 |
| Qualifying information | hardback |
| 040 ## - CATALOGING SOURCE | |
| Original cataloging agency | PPAK |
| Language of cataloging | eng |
| Transcribing agency | PPAK |
| Description conventions | rda |
| 082 04 - DEWEY DECIMAL CLASSIFICATION NUMBER | |
| Edition number | 23 |
| Classification number | 741.5 |
| 090 00 - LOCALLY ASSIGNED LC-TYPE CALL NUMBER (OCLC); LOCAL CALL NUMBER (RLIN) | |
| Classification number (OCLC) (R) ; Classification number, CALL (RLIN) (NR) | 741.5 |
| Feature heading | HIC |
| Feature heading | G |
| 100 1# - MAIN ENTRY--PERSONAL NAME | |
| Personal name | Hickman, Jonathan |
| Relator term | author. |
| 245 10 - TITLE STATEMENT | |
| Title | AVENGERS : |
| Remainder of title | TIME RUNS OUT / |
| Statement of responsibility, etc. | WRITER: JONATHAN HICKMAN ; NEW AVENGERS #26 ARTIST: KEV WALKER ; AVENGERS #38 ARTIST: STEFANO CASELLI ; NEW AVENGERS #27 ARTIST: SZYMON KUDRANSKI ; AVENGERS #39 ARTIST: MIKE DEODATO ; NEW AVENGERS #28 ARTIST: MIKE DEODARO & MIKE PERKINS |
| Number of part/section of a work | VOLUME TWO |
| 246 08 - VARYING FORM OF TITLE | |
| Title proper/short title | AVENGERS : |
| Remainder of title | TIME RUNS OUT |
| Number of part/section of a work | 2 |
| Title proper/short title | AVENGERS : |
| Remainder of title | TIME RUNS OUT |
| Number of part/section of a work | VOLUME 2 |
| 264 #1 - PRODUCTION, PUBLICATION, DISTRIBUTION, MANUFACTURE, AND COPYRIGHT NOTICE | |
| Place of production, publication, distribution, manufacture | New York, NY: |
| Name of producer, publisher, distributor, manufacturer | MARVEL WORLDWIDE, INC., |
| Date of production, publication, distribution, manufacture, or copyright notice | 2015 |
| Date of production, publication, distribution, manufacture, or copyright notice | ©2014 |
| 300 ## - PHYSICAL DESCRIPTION | |
| Extent | 1 volume (unpaged) : |
| Other physical details | chiefly color illustrations ; |
| Dimensions | 27 cm. |
| 336 ## - CONTENT TYPE | |
| Source | rdacontent |
| Content type term | text |
| -- | still image |
| 337 ## - MEDIA TYPE | |
| Source | rdamedia |
| Media type term | unmediated |
| 338 ## - CARRIER TYPE | |
| Source | rdacarrier |
| Carrier type term | volume |
| 490 1# - SERIES STATEMENT | |
| Series statement | Avengers, |
| Volume/sequential designation | 2 |
| Series statement | Marvel now! |
| 500 ## - GENERAL NOTE | |
| General note | "Contains material originally published in magazine form as Avengers #38-39 and New Avengers #26-28"--Title page verso. |
| 650 10 - SUBJECT ADDED ENTRY--TOPICAL TERM | |
| Topical term or geographic name entry element | Avengers (Fictitious characters) |
| Form subdivision | Comic books, strips, etc. |
| Topical term or geographic name entry element | Superheroes |
| Form subdivision | Comic books, strips, etc. |
| 700 1# - ADDED ENTRY--PERSONAL NAME | |
| Personal name | Walker, Kev |
| Relator term | artist. |
| Personal name | Caselli, Stefano |
| Relator term | artist. |
| Personal name | Kudranski, Szymon |
| Relator term | artist. |
| Personal name | Deodato, Mike |
| Relator term | artist. |
| Personal name | Perkins, Mike |
| Relator term | artist. |
| 830 #0 - SERIES ADDED ENTRY--UNIFORM TITLE | |
| Uniform title | Avengers, |
| Number of part/section of a work | 2 |
| Uniform title | Marvel now! |
| 942 ## - ADDED ENTRY ELEMENTS (KOHA) | |
| Source of classification or shelving scheme | Dewey Decimal Classification |
| Koha item type | Book |
| Withdrawn | Not for loan | Current library | Shelving location | Date acquired | Full call number | Barcode | Date last seen | Koha item type | Total Checkouts | Total Renewals | Date last checked out |
|---|---|---|---|---|---|---|---|---|---|---|---|
| Perpustakaan Alor Setar | Pinjaman Dewasa | 24/06/2020 | 741.5 HIC | A01644216 | 24/06/2020 | Book | |||||
| Perpustakaan Awam Sungai Petani | Pinjaman Dewasa | 24/06/2020 | 741.5 HIC | A01644217 | 10/05/2023 | Book | 1 | 4 | 24/10/2020 |